000 00469nam a2200181Ia 4500
005 20250326125949.0
008 250326s9999 xx 000 0 und d
037 _aTextbook
040 _aFMSL
_beng
_cFMSL
041 _aeng
_2eng
084 _aX:8F N8
_qFMSL
100 _aBierman H
_9319819
245 0 _aManagerial accounting
_cBierman H
260 _aNY
_bNY, Mecmillan
_c1968
300 _a414p
942 _cTB
_hX:8F N8
999 _c1280355
_d1280355